Capable of resisting and entitled to lead : on the historical conditions of the neo-marxist educational discourse (Record no. 63622)

MARC details
000 -CABECERA
campo de control de longitud fija 00670nam a2200229 a 4500
005 - FECHA Y HORA DE LA ÚLTIMA TRANSACCIÓN
campo de control 20210219152915.0
008 - ELEMENTOS DE LONGITUD FIJA--INFORMACIÓN GENERAL
campo de control de longitud fija 991125n 000 0 eng u
035 ## - NÚMERO DE CONTROL DEL SISTEMA
Número de control de sistema UPN01000066710
100 ## - ASIENTO PRINCIPAL--NOMBRE PERSONAL
Nombre de persona Johannesson, Ingolfur A.
222 ## - TÍTULO CLAVE
Título clave EDUCATIONAL POLICY
245 ## - MENCIÓN DE TÍTULO
Título Capable of resisting and entitled to lead : on the historical conditions of the neo-marxist educational discourse
300 ## - DESCRIPCIÓN FÍSICA
Extensión 298-318
362 ## - FECHAS DE PUBLICACIÓN Y/O DESIGNACIÓN SECUENCIAL
Fecha de publicación y/o designación secuencial 1992 6, no. 3
653 0# - TERMINO DE INDIZACION - NO CONTROLADO
Término no controlado ANALISIS MARXISTA
653 0# - TERMINO DE INDIZACION - NO CONTROLADO
Término no controlado CONCEPTOS ERRONEOS
653 0# - TERMINO DE INDIZACION - NO CONTROLADO
Término no controlado ELITISMO
653 0# - TERMINO DE INDIZACION - NO CONTROLADO
Término no controlado LIDERAZGO
653 0# - TERMINO DE INDIZACION - NO CONTROLADO
Término no controlado POLITICAS DE EDUCACION
653 0# - TERMINO DE INDIZACION - NO CONTROLADO
Término no controlado TEORIA CRITICA
904 ## - ELEMENTOS DE DATOS D LOCAL, LDD (RLIN)
a AC
b 004521
905 ## - TIPO DE MATERIAL
Tipo de material Articulo

No items available.